Important Roman Dates Click Quiz - Statistics

General Stats
  • This quiz has been taken 43 times
    35 since last reset
  • The average score is 28 of 77
Answer Stats
Hint Answer % Correct
Battle of Zama 202
100%
Gaius Gracchus (brother of Tiberius) sits as Tribune of the Plebs 123-122
67%
Illyricum made a province 167
67%
Antiochus III of Syria defeated at Magnesia 190
67%
Philip V defeated at Cynoscephalae (Second Macedonian War), and Spain is turned into 2 Roman provinces 197
67%
Second Punic War 218-201
67%
Siege of Saguntum 219
67%
Only major defeats in the First Punic War 255, 249
67%
First Punic War 264-241
67%
Rome captures Tarentum 272
67%
Pyrrhus returns to Italy: defeated at Beneventum 275
67%
Pyrrhus wins at Ausculum leaves for Syracuse 279
67%
Secession of the plebs 494
67%
First year of the Republic 509
67%
Tarquin is expelled 510
67%
Rome is now large and complex 550
67%
Pompey and Crassus are Consuls 70
67%
Revolt of Spartacus in Italy 73-71
67%
Stone wall first built around the Palatine 750-725
67%
Sulla's dictatorship 81-80
67%
The Social War 91-87
67%
Caesar assassinated Mar. 15, 44
67%
Capitoline Temple (to Jupiter, Juno and Minerva) is finished Sept. 12, 507
67%
Gaius Marius is Consul for six of these eight years 107-100
33%
Abandonment of Trajan's eastern conquests 117
33%
Tiberius Gracchus sits as Tribune of the Plebs; He's killed for it 133
33%
Death of Augustus 14
33%
Revolt of Achaean League; Achaea and Macedonia made into provinces 146
33%
Fourth Macedonian War ends 148
33%
Third Punic War destruction of Carthage; Africa made a province 149-146
33%
Third Macedonian War ends at Pydna 168
33%
Treaty signed to end Second Punic War 201
33%
Hannibal recalled to Carthage 203
33%
Defeat of Hasdrubal at Metaurus River 207
33%
Hannibal takes Capua; supported by Macedonia and Syracuse 215
33%
Battle of Cannae 216
33%
Battle of Lake Trasimene 217
33%
Battles of Ticinum and Trebia 218
33%
Sardinia and Corsica become provinces; Carthage turns to Spanish Conquest 237
33%
Sicily is first the Roman province 241
33%
Julio-Claudian Dynasty (Augustus-Nero) 27 BCE - 68 CE
33%
King Pyrrhus of Epirus invades Italy, wins at Heraclea 280
33%
Dissolution of the Latin League 338
33%
Defeat of the Latin League at Naples 340
33%
First, second and third Samnite Wars 343-290
33%
Conquest of Rome by Senones 390
33%
Defeat of Veii 396
33%
Brutus and Cassius defeated at Philippi by Octavian and Antony 42
33%
The Decemviri is established 451-450
33%
Gaul made a province 51
33%
Caesar's conquest of Britain 55-54
33%
Caesar begins first five-year command in Gaul 58
33%
Flavian Dynasty (Vespasian-Domitian) 69-96
33%
Sulla's Siege of Rome 82
33%
Clades Variana and end of major Roman expansion 9 CE
33%
"Date" of the founding of Rome April 21, 753
33%
Octavian hands back all power to the senate Jan. 13, 27
33%
First Settlement: senate bestows title of Augustus on Octavian Jan. 16, 27
33%
Second Settlement: Augustus gives up consulship to get other powers Jun. 26, 23
33%
Battle of Actium Sept. 2, 31
33%
First graves in the Forum area 1000-900 BCE
0%
Scipio invades Africa 204
0%
End of the First Macedonian War 205
0%
Rome conquers Spain 206
0%
Defeat of Syracuse; death of Archimedes 212
0%
Via Appia is completed 312
0%
Servian Wall is built 378
0%
Conquest of Britain 43-74
0%
Pompey defeated at Pharsalus by Caesar 48
0%
Treaty between Rome and the Latin League 493
0%
Battle of Lake Regillus 496
0%
Crassus killed at Carrhae against the Parthians 53
0%
Gaius Julius Caesar Consulship 59
0%
Year of the Four Emperors 69
0%
Adoptive emperors (Nerva to Marcus Aurelius) 96-180
0%
Caesar crosses the Rubicon River --- civil war Jan. 11, 49
0%
Senate declares martial law against Caesar Jan. 7, 49
0%
No matching quizzes found
Score Distribution
Percent of People with Each Score
Percentile by Number Answered
Your Score History
You have not taken this quiz since the last reset